00611nam a2200205 a 45000010005000000030009000050080041000140400028000550820017000831000030001002450083001302600031002133000010002446500014002546500031002686500033002996500025003326500022003576500026003799921CO-ViMGA141112s2004 ck r 000 u spa d aCO-ViMGAbspacCO-ViMGA04a303.485 W6671 aWilches Chaux ; Gustavo, 10aHerramientas para la Crisis : bDesastres, Ecologismo y Formación Profesinal aPopayán : bSENA, c1989 a821p.14aDESASTRES14aFILOSOFIA DE LOS DESASTRES14aPROYECTO DE AUTOCONSTRUCCION14aTERREMOTO DE POPAYAN14aVISION ECOLOGISTA14aVULNERABILIDAD GLOBAL